1. Quiz in 2025 - Statistiken

Allgemein
  • Dieses Quiz wurde 381 mal gespielt
  • Das Durchschnittsergebnis liegt bei 8 aus 8
Antwortstatistiken
Frage Antwort % Korrekt
2024+1= 2025
100%
Welches Jahr haben wir aktuell? 2025
99%
In welchem Jahr ist die nächste Bundestagswahl? 2025
98%
Jahr, nach dem 31.12.24 2025
98%
In welchem Jahr spielst du dieses Quiz? 2025
97%
Ein Tag vor dem 1.1.26 war dieses Jahr 2025
97%
Schreibe das hier: 2025 2025
97%
Quersumme aus 2025 9
82%
Keine übereinstimmenden Quizze gefunden
Verteilung der Resultate
Anzahl Personen mit jedem Resultat
Perzentil nach korrekt beantworteten Fragen
Ihre Resultats-Entwicklung
Sie haben dieses Quiz noch nicht gespielt